Trigonometry

Zapisane w:
Opis bibliograficzny
1. autor: Crathorne, A. R.
Format: Książka
Język:Undetermined
Wydane: New York Henry Holt and Company 1938
Hasła przedmiotowe:
Etykiety: Dodaj etykietę
Nie ma etykietki, Dołącz pierwszą etykiete!
Thư viện lưu trữ: Trung tâm Học liệu Trường Đại học Cần Thơ
LEADER 00449nam a2200169Ia 4500
001 CTU_78998
008 210402s9999 xx 000 0 und d
082 |a 516.24 
082 |b C895 
100 |a Crathorne, A. R. 
245 0 |a Trigonometry 
245 0 |c A. R. Crathorne, E. B. Lytle 
260 |a New York 
260 |b Henry Holt and Company 
260 |c 1938 
650 |a Trigonometry 
980 |a Trung tâm Học liệu Trường Đại học Cần Thơ